[Event "ESP-ch Seniors 65"]
[Site "Altea"]
[Date "2021.11.01"]
[Round "3"]
[White "Fuentes Arjona, Antonio C"]
[Black "Fernandez Garcia, Jose Luis"]
[Result "0-1"]
[WhiteElo "1853"]
[BlackElo "2356"]
[PlyCount "126"]
[EventDate "2021.10.31"]
[EventType "swiss"]
[EventRounds "9"]
[EventCountry "ESP"]
[SourceTitle "CBM 205 Extra"]
[Source "ChessBase"]
[SourceDate "2022.01.31"]
[SourceVersion "1"]
[SourceVersionDate "2022.01.31"]
[SourceQuality "1"]

1. e4 e5 2. Nf3 Nc6 3. d4 exd4 4. c3 d5 5. exd5 Qxd5 6. cxd4 Bg4 7. Be2 Bb4+ 8. Nc3 Bxf3 9. Bxf3 Qc4 10. Qb3 Qxb3 11. axb3 Nxd4 12. Bxb7 Nc2+ 13. Ke2 Nxa1 14. Bc6+ Kd8 15. Bxa8 Ne7 16. Be3 Nxb3 17. Nd5 Kd7 18. Nxb4 Rxa8 19. Rd1+ Kc8 20. Rd3 Na5 21. Na6 Nac6 22. b4 Nd8 23. g3 Ne6 24. Nc5 Nf5 25. Nxe6 fxe6 26. Bc5 a5 27. Ra3 a4 28. Kd3 Nd6 29. Bxd6 cxd6 30. Kc4 Kb7 31. Kb5 Rf8 32. f4 g5 33. fxg5 Rf5+ 34. Kxa4 Rxg5 35. Rf3 h5 36. Rf6 Re5 37. Rg6 Kb6 38. h4 Re3 39. Rg5 e5 40. Rxh5 Rxg3 41. Rg5 Rh3 42. h5 Kc6 43. Rf5 Rh1 44. Rg5 Rh4 45. Rf5 Rh2 46. Rg5 Rh1 47. Rf5 Kd5 48. Kb5 Ke4 49. Rf6 d5 50. h6 d4 51. Kc4 d3 52. Rd6 Rc1+ 53. Kb3 Ke3 54. h7 Rc8 55. Rh6 d2 56. Rh3+ Kd4 57. Rh1 e4 58. Kb2 e3 59. h8Q+ Rxh8 60. Rxh8 e2 61. Rh4+ Kd3 62. Rh3+ Kc4 63. Rh4+ Kb5 0-1

[Event "Tenerife-chT Preferente"]
[Site "Tenerife"]
[Date "2021.03.13"]
[Round "3.1"]
[White "Fernandez Garcia, Jose Luis"]
[Black "Alvarez Alonso, Alberto"]
[Result "1/2-1/2"]
[WhiteElo "2361"]
[BlackElo "2107"]
[PlyCount "78"]
[EventDate "2021.02.27"]
[EventType "team-tourn"]
[EventRounds "14"]
[EventCountry "ESP"]
[SourceTitle "EXT 2023"]
[Source "ChessBase"]
[SourceDate "2022.10.05"]
[SourceVersion "1"]
[SourceVersionDate "2022.10.05"]
[SourceQuality "1"]
[WhiteTeam "Fundacion La Caja de Canarias"]
[BlackTeam "Al Shah Mat Los Realejos"]
[WhiteTeamCountry "ESP"]
[BlackTeamCountry "ESP"]

1. e4 d6 2. d4 c6 3. c4 h5 4. Nc3 Qc7 5. f4 h4 6. Be3 e6 7. Qd2 a6 8. Rc1 Nd7 9. Nf3 Be7 10. e5 dxe5 11. fxe5 c5 12. Ne4 cxd4 13. Qxd4 Kf8 14. Be2 h3 15. 0-0 hxg2 16. Rfd1 Nh6 17. Bxh6 Rxh6 18. c5 Nb8 19. Nd6 Bd7 20. Qf4 Be8 21. Ng5 Bxg5 22. Qxg5 Nc6 23. Rc4 Ne7 24. b4 Nd5 25. Rg4 Rg6 26. Qh4 Rxg4 27. Bxg4 Nxb4 28. Qh8+ Ke7 29. Qh4+ Kf8 30. Qh8+ Ke7 31. Qxg7 Qxc5+ 32. Kxg2 Nc2 33. Qf6+ Kf8 34. Qh6+ Ke7 35. Qg5+ Kf8 36. Qh6+ Ke7 37. Qh4+ Kf8 38. Qh6+ Ke7 39. Qg5+ Kf8 1/2-1/2

[Event "Tenerife-chT Preferente 1920"]
[Site "Tenerife"]
[Date "2020.03.07"]
[Round "8.2"]
[White "Fernandez Garcia, Jose Luis"]
[Black "Martinez Rojas, Carlos Jose"]
[Result "1-0"]
[WhiteElo "2404"]
[BlackElo "2051"]
[PlyCount "120"]
[EventDate "2019.11.30"]
[EventType "team-tourn"]
[EventRounds "14"]
[EventCountry "ESP"]
[SourceTitle "CBM 195 Extra"]
[Source "ChessBase"]
[SourceDate "2020.05.31"]
[SourceVersion "1"]
[SourceVersionDate "2020.05.31"]
[SourceQuality "1"]
[WhiteTeam "Fundacion La Caja de Canarias"]
[BlackTeam "Canarias 64"]
[WhiteTeamCountry "ESP"]
[BlackTeamCountry "ESP"]

1. e4 d5 2. exd5 Qxd5 3. Nf3 Bg4 4. Be2 Nc6 5. h3 Bxf3 6. Bxf3 Qe5+ 7. Qe2 Qxe2+ 8. Bxe2 Nd4 9. Bd1 0-0-0 10. d3 e5 11. Nd2 f5 12. Nf3 Bb4+ 13. c3 Nxf3+ 14. Bxf3 Be7 15. Be2 Nf6 16. Kd1 Nd5 17. Kc2 h6 18. Re1 Bf6 19. Bd2 Bg5 20. Rad1 Bf6 21. Bc1 c5 22. a3 Rd6 23. Bf3 Ne7 24. Be3 b6 25. b4 cxb4 26. axb4 Nd5 27. Bd2 Rhd8 28. c4 Nf4 29. Bxf4 exf4 30. Bd5 Kd7 31. Re2 Rxd5 32. cxd5 Rc8+ 33. Kb1 Rc3 34. Ra2 Kd6 35. Rxa7 Rb3+ 36. Kc1 Rxb4 37. Ra2 f3 38. gxf3 Rh4 39. Kd2 Bd4 40. Ke2 Rxh3 41. Ra4 Kxd5 42. Rb1 Bc5 43. Ra7 g5 44. Rd7+ Kc6 45. Rd8 Kc7 46. Rd5 f4 47. d4 Bd6 48. Rdb5 g4 49. fxg4 Ra3 50. R1b3 Ra6 51. Kf3 Kc6 52. Rh5 Ra4 53. Rc3+ Kd7 54. Rd3 Kc6 55. Rxh6 b5 56. g5 Kd5 57. Rb3 Kc4 58. Rxb5 Be7 59. Re5 Bf8 60. Rc6+ Kxd4 1-0

[Event "Canarias-chT Honor"]
[Site "Spain"]
[Date "2020.03.07"]
[Round "7.2"]
[White "Fernandez Garcia, Jose Luis"]
[Black "Ros Octavio de Toledo, Eduardo"]
[Result "1/2-1/2"]
[WhiteElo "2384"]
[BlackElo "2046"]
[PlyCount "163"]
[EventDate "2020.01.11"]
[EventType "team-tourn"]
[EventRounds "9"]
[EventCountry "ESP"]
[SourceTitle "CBM 195 Extra"]
[Source "ChessBase"]
[SourceDate "2020.05.31"]
[SourceVersion "1"]
[SourceVersionDate "2020.05.31"]
[SourceQuality "1"]
[WhiteTeam "Fundacion La Caja de Canarias"]
[BlackTeam "Roque Niquiomo"]
[WhiteTeamCountry "ESP"]
[BlackTeamCountry "ESP"]

1. e4 d6 2. d4 Nf6 3. Nc3 e5 4. dxe5 dxe5 5. Qxd8+ Kxd8 6. Bg5 Nbd7 7. Bc4 Ke8 8. Nf3 Bd6 9. 0-0-0 a6 10. a4 Nb6 11. Bb3 Bg4 12. Bxf6 gxf6 13. h3 Bxf3 14. gxf3 Rg8 15. Rhg1 Rg6 16. a5 Nd7 17. Nd5 Rd8 18. Rg4 c6 19. Ne3 Nc5 20. Rh4 Nxb3+ 21. cxb3 h6 22. Ng4 Bf8 23. Rh5 Rxd1+ 24. Kxd1 Kd7 25. Rf5 Rg5 26. Ke2 Rxf5 27. exf5 Ke7 28. Kd3 h5 29. Ne3 Bh6 30. Nf1 h4 31. Nh2 Kd6 32. Ng4 Bg5 33. Kc4 c5 34. f4 Bxf4 35. Nxf6 Bc1 36. Ne4+ Kc6 37. Nxc5 Bxb2 38. Ne4 Bd4 39. b4 b5+ 40. axb6 Bxb6 41. f3 Be3 42. Nc3 Bd2 43. b5+ axb5+ 44. Nxb5 Be1 45. Na3 Kd6 46. Kd3 Kd5 47. Nc2 Bf2 48. Nb4+ Kc5 49. Na2 Kd5 50. Nc3+ Kc6 51. Ne4 Bc5 52. Ng5 f6 53. Ne4 Be7 54. Nf2 Kd5 55. Ng4 Kc6 56. Ke4 Kd7 57. Ne3 Bc5 58. Nd5 Be7 59. f4 exf4 60. Kxf4 Bd8 61. Kg4 Kd6 62. Nf4 Bb6 63. Ng6 Kd5 64. Kxh4 Ke4 65. Kg4 Be3 66. Nf8 Bh6 67. Nd7 Bg5 68. Nc5+ Kd5 69. Ne6 Be3 70. Kh5 Ke5 71. Kg6 Bf2 72. Ng7 Bh4 73. Ne6 Bg3 74. Nf8 Bh4 75. Nd7+ Kf4 76. Nxf6 Kg3 77. Ne4+ Kxh3 78. Kh5 Be7 79. Ng5+ Kg3 80. Kg6 Kf4 81. f6 Bxf6 82. Kxf6 1/2-1/2